| 000 | 00525nam a22001817a 4500 | ||
|---|---|---|---|
| 003 | OSt | ||
| 005 | 20240719022707.0 | ||
| 008 | 240719b |||||||| |||| 00| 0 eng d | ||
| 020 | _a978-1-61530-524-7 | ||
| 040 |
_aDWC- Main Lib _cOC |
||
| 082 | _aCirc. 796.322 B862 2011 | ||
| 245 | _aThe Britannica guide to football. | ||
| 260 |
_aNY: _bBritannica Educational Publishing, _cc2011. |
||
| 300 |
_axvii,254 pages : _billustrations ; _c24cm. |
||
| 504 | _aIncludes index. | ||
| 650 | _a1. Football | ||
| 942 |
_2ddc _cBK-CIRC _n1 |
||
| 999 |
_c2411 _d2411 |
||